| 000 | 00367nam a2200145 a 4500 | ||
|---|---|---|---|
| 001 | 3617 | ||
| 003 | CDMR | ||
| 005 | 20130116135247.0 | ||
| 008 | 130130s1998||||||||||||||||||||||||||||d | ||
| 040 |
_aCDMR _bcat _cCPC GIRONA |
||
| 100 | 1 |
_aRamonet, Ignacio _91519 |
|
| 245 | 1 | 0 |
_aTiranÃa de la comunicación _cRamonet, Ignacio |
| 260 |
_c1998 _bTemas de debate |
||
| 942 | _cMON | ||
| 999 |
_c3617 _d3617 |
||